|
|
|
|
| LEADER |
01734nam a2200457 i 4500 |
| 001 |
001925039 |
| 003 |
CZ BrMZK |
| 005 |
20250604112905.0 |
| 007 |
ta |
| 008 |
250210s1993 xxkabfhf 001 0 eng |
| 020 |
|
|
|q (Brožováno)
|
| 040 |
|
|
|a BOA001
|b cze
|e rda
|
| 043 |
|
|
|a e-gr---
|a e------
|a ff-----
|a aw-----
|
| 044 |
|
|
|a xxk
|a xxu
|
| 072 |
|
7 |
|a 94(3)
|x Dějiny zemí starověkého světa
|2 Konspekt
|9 8
|
| 080 |
|
|
|a 94(38)
|2 MRF
|
| 080 |
|
|
|a 94(37)
|2 MRF
|
| 080 |
|
|
|a (38)
|2 MRF
|
| 080 |
|
|
|a (37)
|2 MRF
|
| 080 |
|
|
|a (048.8:082)
|2 MRF
|
| 245 |
0 |
4 |
|a The Oxford history of the classical world /
|c edited by John Boardman, Jasper Griffin, Oswyn Murray
|
| 264 |
|
1 |
|a Oxford ;
|a New York :
|b Oxford University Press,
|c 1993
|
| 300 |
|
|
|a vii, 882 stran, 16 nečíslovaných stran obrazových příloh :
|b ilustrace (některé barevné), mapy, faksimile ;
|c 25 cm
|
| 336 |
|
|
|a text
|b txt
|2 rdacontent
|
| 337 |
|
|
|a bez média
|b n
|2 rdamedia
|
| 338 |
|
|
|a svazek
|b nc
|2 rdacarrier
|
| 500 |
|
|
|a Chronologický přehled
|
| 500 |
|
|
|a Obsahuje rejstřík
|
| 651 |
|
7 |
|a starověké Řecko
|7 ge131513
|x dějiny
|2 czenas
|
| 651 |
|
7 |
|a starověký Řím
|7 ge131512
|x dějiny
|2 czenas
|
| 651 |
|
9 |
|a ancient Greece
|x history
|2 eczenas
|
| 651 |
|
9 |
|a ancient Rome
|x history
|2 eczenas
|
| 655 |
|
7 |
|a kolektivní monografie
|7 fd501537
|2 czenas
|
| 655 |
|
9 |
|a collective monographs
|2 eczenas
|
| 700 |
1 |
|
|a Boardman, John,
|d 1927-2024
|7 jn19990000863
|4 edt
|
| 700 |
1 |
|
|a Griffin, Jasper,
|d 1937-2019
|7 jo2014837048
|4 edt
|
| 700 |
1 |
|
|a Murray, Oswyn,
|d 1937-
|7 kup19940000068294
|4 edt
|
| 910 |
|
|
|a BOA001
|b 2-1538.958
|
| 990 |
|
|
|a BK
|
| 991 |
|
|
|b 202506
|
| 996 |
7 |
|
|b 2610994973
|c 2-1538.958
|l MZK
|r Sklad / do 1 hodiny
|n 0
|p dar
|w 001995193
|u 000010
|a 1
|e BOA001
|j MZK50
|s A
|